Эпидемии мира - Statistics

General Stats
  • This quiz has been taken 6 522 times
    6 520 since last reset
  • The average score is 6 of 26
Answer Stats
Первый случай Место Эпидемия % Correct
541-542 гг. Византия Чума
96%
2019-н. в. Весь мир Коронавирус
85%
1200 год до н. э. Вавилон Грипп
51%
Конец I века Рим Оспа
47%
1981-н. в. Весь мир ВИЧ
45%
2004 год Судан Эбола
39%
1817-1824 гг. Евразия Холера
34%
2009-2010 гг. Весь мир Свиной грипп
33%
1918-1920 гг. Весь мир Испанский грипп
30%
1979 год Свердловск Сибирская язва
23%
1494 год Европа Сифилис
20%
1592-1596 гг. Америка Корь
19%
1600-1650 гг. Южная Америка Малярия
17%
430-ые года до н. э. Афины Брюшной тиф
11%
1735-1741 гг. Восток США Дифтерия
8%
1848-1849 гг. Гавайи Дизентерия
6%
1916 год США Полиомиелит
6%
1489 год Испания Сыпной тиф
5%
1648 г. Америка Жёлтая лихорадка
3%
1875-1876 гг. Австралия Скарлатина
3%
1957-1958 гг. Весь мир Азиатский грипп
3%
1968-1970 гг. Весь мир Гонконгский грипп
3%
1778 год Испания Лихорадка денге
2%
1805 год Запад Европы Менингит
2%
1896-1906 гг. Конго Сонная болезнь
2%
1915-1926 гг. Весь мир Энцефалит
2%
No matching quizzes found
Score Distribution
Percent of People with Each Score
Percentile by Number Answered
Your Score History
You have not taken this quiz since the last reset